[Event "Hradec Kralove Region-chT 0506"]
[Site "Czech Republic"]
[Date "2006.03.05"]
[Round "9.8"]
[White "Marek, Petr"]
[Black "Papacek, Tomas"]
[Result "1-0"]
[WhiteElo "1807"]
[BlackElo "1822"]
[PlyCount "63"]
[EventDate "2005.10.23"]
[EventType "team-tourn"]
[EventRounds "11"]
[EventCountry "CZE"]
[SourceTitle "EXT 2024"]
[Source "ChessBase"]
[SourceDate "2023.10.10"]
[SourceVersion "1"]
[SourceVersionDate "2023.10.10"]
[SourceQuality "1"]
[WhiteTeam "Hradec Kralove Slavia III"]
[BlackTeam "Rychnov nad Kneznou"]
[WhiteTeamCountry "CZE"]
[BlackTeamCountry "CZE"]

1. e4 c6 2. d4 d5 3. Nd2 dxe4 4. Nxe4 Nf6 5. Nxf6+ exf6 6. Ne2 Bg4 7. f3 Bh5 8. Nf4 Bg6 9. Be3 Qa5+ 10. c3 Bd6 11. Qd2 Nd7 12. b4 Qa3 13. Bc4 0-0 14. Nxg6 hxg6 15. Qc2 Rfe8 16. Kf2 b5 17. Bb3 Re7 18. Bc1 Qa6 19. Qxg6 Nf8 20. Qg4 Rae8 21. Bh6 g6 22. h4 Qa3 23. Rab1 Ne6 24. h5 f5 25. Qh4 g5 26. Bxg5 Nxg5 27. Qxg5+ Kh7 28. Qxf5+ Kg8 29. Qg6+ Kh8 30. Qxd6 Qa6 31. Qf6+ Kg8 32. h6 1-0